000 00404 a2200169 4500
020 _a9788130908625
022 _a9788130908625
082 _a338.5
090 _c6229
_d6229
100 _aMansfield,Edwin.
245 _aMicroeconomics.
_cEdwin Mansfield.
250 _a11th.
260 _aNew Delhi.
_bViva Books.
_c2010.
300 _a714p.
500 _apaper cover.
942 _aNBS
_cBK
_k338.5 MAN
999 _c348601
_d348601